Countries of South America - 15 second sprint 'harder' - Statistics

General Stats
  • This quiz has been taken 73 times
  • The average score is 10 of 14
Answers on the Map
Answers color-coded by a green-red scale on the quiz's map according to % correct below.
 
Answer Stats
Hint Answer % Correct
Country Brazil
96%
Country Colombia
88%
Country Peru
88%
Country Chile
76%
Territory French Guiana
76%
Country Argentina
72%
Country Guyana
72%
Country Venezuela
72%
Country Bolivia
68%
Country Paraguay
68%
Country Ecuador
64%
Country Suriname
64%
Country Uruguay
64%
Territory Falkland Islands
16%
No matching quizzes found
Score Distribution
Percent of People with Each Score
Percentile by Number Answered
Your Score History
You have not taken this quiz